000
00306nam a2200145Ia 4500
100
_a
Kreyszig/E
942
_c
BK
654
_a
mathemathics
245
_a
Advanced engg mathemathics
260
_b
John wiley
_a
Singapore
_c
1993
082
_a
510
_b
KRE
300
_a
1294
546
_a
ENGLISH
999
_c
32274
_d
32274